| 000 | 00538nam a2200193Ia 4500 | ||
|---|---|---|---|
| 005 | 20250326124022.0 | ||
| 008 | 250326s9999 xx 000 0 und d | ||
| 037 | _aTextbook | ||
| 040 |
_aFMSL _beng _cFMSL |
||
| 041 |
_aeng _2eng |
||
| 084 |
_aXobD L8 _qFMSL |
||
| 100 | _aBarish N N | ||
| 245 | 0 |
_aEconomic analysis: for engineering and managerial decision making _cBarish N N; Kaplan S |
|
| 250 | _a2 | ||
| 260 |
_aNY _bNY, McGraw-Hill _c1978 |
||
| 300 | _a791p | ||
| 942 |
_cTB _hXobD L8 |
||
| 999 |
_c1271918 _d1271918 |
||